Polityka pieniezna

Na minha lista:
Detalhes bibliográficos
Autor principal: Fedorowicz, Zdzislaw
Formato: Livro
Idioma:polonês
Publicado em: Warszawa Poltext 1998
Colecção:Szkola Glówna Handlowa Studia Finansowo-Bankowe
Assuntos:
Tags: Adicionar Tag
Sem tags, seja o primeiro a adicionar uma tag!

MARC

LEADER 00000nam a2200000 4500
001 c123784
005 20221221083217.1
020 |a 83-85366-14-8 
041 0 |a pol 
044 |a PL 
245 1 0 |a Polityka pieniezna  |c Zdzislaw Fedorowicz 
264 1 |a Warszawa  |b Poltext  |c 1998 
300 |a 90 s. 
490 1 |a Szkola Glówna Handlowa  |v Studia Finansowo-Bankowe 
830 0 |a Szkola Glówna Handlowa  |v Studia Finansowo-Bankowe 
610 2 0 |a politika peňažná 
610 2 0 |a peniaze 
610 2 0 |a emisia 
610 2 0 |a trh peňažný 
610 2 0 |a dopyt 
610 2 0 |a banky centrálne 
610 2 0 |a inflácia 
100 1 |a Fedorowicz, Zdzislaw